Tìm hiểu những qui định về giá đất và quyền lợi, nghĩa vụ của người sử dụng đất

Guardado en:
Detalles Bibliográficos
Autor Corporativo: Sở địa chính Tp. HCM.
Formato: Libro
Lenguaje:Undetermined
Publicado: Tp. HCM Nxb. Tp. HCM 1995
Materias:
Etiquetas: Agregar Etiqueta
Sin Etiquetas, Sea el primero en etiquetar este registro!
Thư viện lưu trữ: Trung tâm Học liệu Trường Đại học Cần Thơ
LEADER 00576nam a2200169Ia 4500
001 CTU_35
008 210402s9999 xx 000 0 und d
082 |a 346.5970434 
082 |b S460 
110 |a Sở địa chính Tp. HCM. 
245 0 |a Tìm hiểu những qui định về giá đất và quyền lợi, nghĩa vụ của người sử dụng đất 
245 0 |c Sở địa chính Tp. HCM. 
260 |a Tp. HCM 
260 |b Nxb. Tp. HCM 
260 |c 1995 
650 |a landlord 
980 |a Trung tâm Học liệu Trường Đại học Cần Thơ